000 00753nam a2200193 i 4500
001 89130
003 ES-MaACL
005 20250907063053.0
007 t|
008 050105s1907 sp ||||1| spa d
100 1 _aLarra y Cerezo, Ángel de,
_d1858-1910
_970288
245 1 3 _aLa educación del médico militar
_b: ponencia oficial al XV Congreso Internacional de Medicina (Lisboa, 1906) /
_cÁngel de Larra y Cerezo.
260 _aMadrid :
_b[s.n.],
_c1907 (
_fImp. del Patronato de Huérfanos de Administración Militar)
300 _a16 p. ;
_c24 cm.
650 0 7 _aMedicina militar
_2embne
_914930
711 2 _aCongreso Internacional de Medicina (
_n15º.
_d1906.
_cLisboa)
_9447
852 _aES-MaACL
_j1628-F-1
999 _c89130
_d89130